| 000 | 01316nam a22003494a 4500 | ||
|---|---|---|---|
| 001 | ebr10228192 | ||
| 003 | CaPaEBR | ||
| 006 | m u | ||
| 007 | cr cn||||||||| | ||
| 008 | 060508s2007 maua sb 001 0 eng | ||
| 010 | _z 2006927125 | ||
| 020 | _z9781598637748 | ||
| 020 | _z1598632876 | ||
| 040 |
_aCaPaEBR _cCaPaEBR |
||
| 035 | _a(OCoLC)568308488 | ||
| 050 | 1 | 4 |
_aQA76.76.C672 _bH354 2007eb |
| 082 | 0 | 4 |
_a794.8/1526 _222 |
| 100 | 1 | _aHarbour, Jonathan S. | |
| 245 | 1 | 0 |
_aDarkBasic pro game programming _h[electronic resource] / _cJonathan S. Harbour, Joshua R. Smith. |
| 250 | _a2nd ed. | ||
| 260 |
_aBoston : _bThomson Course Technology, _cc2007. |
||
| 300 |
_axxix, 577 p. : _bill. |
||
| 504 | _aIncludes bibliographical references (p. 555-566) and index. | ||
| 533 |
_aElectronic reproduction. _bPalo Alto, Calif. : _cebrary, _d2013. _nAvailable via World Wide Web. _nAccess may be limited to ebrary affiliated libraries. |
||
| 650 | 0 | _aBASIC (Computer program language) | |
| 650 | 0 |
_aComputer games _xProgramming. |
|
| 650 | 0 | _aComputer graphics. | |
| 655 | 7 |
_aElectronic books. _2local |
|
| 700 | 1 | _aSmith, Joshua R. | |
| 710 | 2 | _aebrary, Inc. | |
| 856 | 4 | 0 |
_uhttp://site.ebrary.com/lib/rucke/Doc?id=10228192 _zAn electronic book accessible through the World Wide Web; click to view |
| 999 |
_c38495 _d38495 |
||